<?xml version="1.0" encoding="UTF-8"?>
<collection xmlns="http://www.loc.gov/MARC21/slim">
    <record>
        <controlfield tag="001">98442</controlfield>
        <controlfield tag="005">20210202132956.0</controlfield>
        <datafield tag="024" ind1="7" ind2=" ">
            <subfield code="2">doi</subfield>
            <subfield code="a">10.1515/humor-2015-0138</subfield>
        </datafield>
        <datafield tag="024" ind1="8" ind2=" ">
            <subfield code="2">sideral</subfield>
            <subfield code="a">106214</subfield>
        </datafield>
        <datafield tag="037" ind1=" " ind2=" ">
            <subfield code="a">ART-2016-106214</subfield>
        </datafield>
        <datafield tag="041" ind1=" " ind2=" ">
            <subfield code="a">eng</subfield>
        </datafield>
        <datafield tag="100" ind1=" " ind2=" ">
            <subfield code="0">(orcid)0000-0002-6865-7944</subfield>
            <subfield code="a">Ruiz-Moneva, M.A.</subfield>
            <subfield code="u">Universidad de Zaragoza</subfield>
        </datafield>
        <datafield tag="245" ind1=" " ind2=" ">
            <subfield code="a">Leonor Ruiz Gurillo and M. Belén Alvarado Ortega, eds. 2013. Irony and Humor: From Pragmatics to Discourse. Amsterdam and Philadelphia: John Benjamins. 270 pp.</subfield>
        </datafield>
        <datafield tag="260" ind1=" " ind2=" ">
            <subfield code="c">2016</subfield>
        </datafield>
        <datafield tag="506" ind1="0" ind2=" ">
            <subfield code="a">Access copy available to the general public</subfield>
            <subfield code="f">Unrestricted</subfield>
        </datafield>
        <datafield tag="520" ind1="3" ind2=" ">
            <subfield code="a">Throughout the history of literary criticism the relationship between humor and irony has been a recurrent topic of interest, rooted as much in classical works tike Aristotle''s Art of rhetoric or Cicero''s De oratore as in the more recent contributions of scholars such as George Meredith 1956 (1877) and Henri Bergson 1956 (1900). Moreover throughout the twentieth century it was analyzed from a variety of literary and pragmatic perspectives. The book edited by Ruiz Gurillo and Alvarado Ortega sits therefore within a rich and longstanding tradition, while supplying substantial work that derives from the most influential areas of current linguistic research. Based on the investigations of irony and humor being made by the GRIALE group, it offers the reader interesting and updated contributions to trends of current research...</subfield>
        </datafield>
        <datafield tag="540" ind1=" " ind2=" ">
            <subfield code="9">info:eu-repo/semantics/openAccess</subfield>
            <subfield code="a">All rights reserved</subfield>
            <subfield code="u">http://www.europeana.eu/rights/rr-f/</subfield>
        </datafield>
        <datafield tag="590" ind1=" " ind2=" ">
            <subfield code="a">0.655</subfield>
            <subfield code="b">2016</subfield>
        </datafield>
        <datafield tag="591" ind1=" " ind2=" ">
            <subfield code="a">PSYCHOLOGY, MULTIDISCIPLINARY</subfield>
            <subfield code="b">97 / 128 = 0.758</subfield>
            <subfield code="c">2016</subfield>
            <subfield code="d">Q4</subfield>
            <subfield code="e">T3</subfield>
        </datafield>
        <datafield tag="592" ind1=" " ind2=" ">
            <subfield code="a">0.472</subfield>
            <subfield code="b">2016</subfield>
        </datafield>
        <datafield tag="593" ind1=" " ind2=" ">
            <subfield code="a">Language and Linguistics</subfield>
            <subfield code="c">2016</subfield>
            <subfield code="d">Q1</subfield>
        </datafield>
        <datafield tag="593" ind1=" " ind2=" ">
            <subfield code="a">Linguistics and Language</subfield>
            <subfield code="c">2016</subfield>
            <subfield code="d">Q1</subfield>
        </datafield>
        <datafield tag="593" ind1=" " ind2=" ">
            <subfield code="a">Psychology (miscellaneous)</subfield>
            <subfield code="c">2016</subfield>
            <subfield code="d">Q2</subfield>
        </datafield>
        <datafield tag="593" ind1=" " ind2=" ">
            <subfield code="a">Sociology and Political Science</subfield>
            <subfield code="c">2016</subfield>
            <subfield code="d">Q2</subfield>
        </datafield>
        <datafield tag="655" ind1=" " ind2="4">
            <subfield code="a">info:eu-repo/semantics/other</subfield>
            <subfield code="v">info:eu-repo/semantics/publishedVersion</subfield>
        </datafield>
        <datafield tag="710" ind1="2" ind2=" ">
            <subfield code="1">3004</subfield>
            <subfield code="2">345</subfield>
            <subfield code="a">Universidad de Zaragoza</subfield>
            <subfield code="b">Dpto. Filolog.Inglesa y Alema.</subfield>
            <subfield code="c">Área Filología Inglesa</subfield>
        </datafield>
        <datafield tag="773" ind1=" " ind2=" ">
            <subfield code="g">29, 1 (2016), 149-151</subfield>
            <subfield code="p">Humor</subfield>
            <subfield code="t">Humor-International Journal Of Humor Research</subfield>
            <subfield code="x">0933-1719</subfield>
        </datafield>
        <datafield tag="856" ind1="4" ind2=" ">
            <subfield code="s">1572278</subfield>
            <subfield code="u">http://zaguan.unizar.es/record/98442/files/texto_completo.pdf</subfield>
            <subfield code="y">Versión publicada</subfield>
        </datafield>
        <datafield tag="856" ind1="4" ind2=" ">
            <subfield code="s">1805945</subfield>
            <subfield code="u">http://zaguan.unizar.es/record/98442/files/texto_completo.jpg?subformat=icon</subfield>
            <subfield code="x">icon</subfield>
            <subfield code="y">Versión publicada</subfield>
        </datafield>
        <datafield tag="909" ind1="C" ind2="O">
            <subfield code="o">oai:zaguan.unizar.es:98442</subfield>
            <subfield code="p">articulos</subfield>
            <subfield code="p">driver</subfield>
        </datafield>
        <datafield tag="951" ind1=" " ind2=" ">
            <subfield code="a">2021-02-02-11:13:12</subfield>
        </datafield>
        <datafield tag="980" ind1=" " ind2=" ">
            <subfield code="a">ARTICLE</subfield>
        </datafield>
    </record>

    
</collection>